| 000 | 00831nam a2200229 a 4500 | ||
|---|---|---|---|
| 005 | 20250910063904.0 | ||
| 008 | 060508s2001 mx r 000 0 spa d | ||
| 020 | _a9685087407 | ||
| 035 | _aUPN01000144287 | ||
| 049 | _aCG | ||
| 050 | 4 |
_aLC196.5 A4.4 _bS5.3 |
|
| 111 | 2 |
_aSimposium de Educación y Valores _n(8o : _d23 al 26 de febrero, 2000 : _cGuadalajara, Jal.) |
|
| 245 | 1 | 0 |
_aEducar para construir el sueño : _bética y conocimiento en la transformación social / _ccoord. Carlos Núñez Hurtado. |
| 260 |
_aMéxico : _bITESO : _bUPN, _c2001. |
||
| 300 |
_a348 p. : _bgrafs., figs. |
||
| 440 | 0 |
_aPaulo Freire. _pCátedra |
|
| 650 | 4 |
_aEducación popular _zAmérica Latina _95199 |
|
| 650 | 4 |
_aValores _xEstudio y enseñanza _9310 |
|
| 650 | 4 |
_aÉtica _912720 |
|
| 700 | 1 |
_aNúñez Hurtado, Carlos, _ecoord. |
|
| 905 | _aLibro | ||
| 999 |
_c116434 _d116434 |
||